[Event "TCh-ISR 2018"]
[Site "Israel ISR"]
[Date "2018.02.16"]
[Round "7.4"]
[Board "3"]
[White "Moskovich, Daniel"]
[Black "Huzman, Alexander"]
[Result "0-1"]
[BlackTitle "GM"]
[WhiteElo "2147"]
[BlackElo "2561"]
[WhiteTeam "Jerusalem Tenth"]
[BlackTeam "Beer-Sheva"]
[WhiteFideId "2804646"]
[BlackFideId "2803828"]
[EventDate "2018.01.05"]

1. d4 Nf6 2. Nf3 d5 3. g3 c6 4. Bg2 Bf5 5. O-O e6 6. b3 Nbd7 7. c4 Be7 8. Bb2
O-O 9. Nbd2 h6 10. Ne5 Bh7 11. Ndf3 Be4 12. e3 a5 13. c5 Bxf3 14. Nxf3 b6 15.
Ne5 Nxe5 16. dxe5 Nd7 17. cxb6 Qxb6 18. e4 a4 19. Rb1 axb3 20. axb3 Rfb8 21. Bd4
Bc5 22. Bxc5 Qxc5 23. Re1 Ra2 24. Re2 Rxe2 25. Qxe2 Qd4 26. Rd1 Qxe5 27. Qc2 Nf6
28. f4 Qc7 29. exd5 Qb6+ 30. Kh1 Ng4 31. Rb1 cxd5 32. h3 Ne3 33. Qe2 Rc8 34. Qd3
Nxg2 35. Kxg2 Qb4 36. f5 Rc3 37. Qe2 exf5 38. Ra1 Rxb3 39. Ra2 Qe4+ 40. Kf2 f4
41. Qd1 0-1

[Event "TCh-ISR 2018"]
[Site "Israel ISR"]
[Date "2018.02.16"]
[Round "7.4"]
[Board "5"]
[White "Cohen Revivo, Shoham"]
[Black "Greenfeld, Alon"]
[Result "1/2-1/2"]
[BlackTitle "GM"]
[WhiteElo "2180"]
[BlackElo "2521"]
[WhiteTeam "Jerusalem Tenth"]
[BlackTeam "Beer-Sheva"]
[WhiteFideId "2813327"]
[BlackFideId "2800039"]
[EventDate "2018.01.05"]

1. e4 c5 2. Nf3 g6 3. g3 Bg7 4. Bg2 Nf6 5. d3 Nc6 6. Nc3 O-O 7. O-O d6 8. h3 Rb8
9. Be3 b5 10. Qd2 b4 11. Ne2 Re8 12. g4 h5 13. g5 Nd7 14. c3 bxc3 15. bxc3 Ba6
16. Ne1 Qa5 17. Rc1 Rb6 18. f4 Reb8 19. Rc2 Bb5 20. Rb2 Ba4 21. Rxb6 Qxb6 22. d4
Qb2 23. Nf3 Na5 24. Qe1 Nc4 25. Bc1 Qxa2 26. f5 Nf8 27. Nh4 Kh7 28. fxg6+ fxg6
29. Rf7 Nb2 30. Rxe7 Bb5 31. Bxb2 Bxe2 32. Qxe2 Qxb2 33. Qxb2 Rxb2 34. Rxa7 Ne6
35. Nf3 Rc2 36. e5 dxe5 37. Nxe5 Rxc3 38. d5 Nf4 39. d6 Rg3 40. Kf2 Rxg5 41. d7
Rxg2+ 42. Kf3 Rd2 43. Kxf4 c4 44. Nxc4 Rd4+ 45. Kf3 Kh6 46. Na5 1/2-1/2

[Event "TCh-ISR 2018"]
[Site "Israel ISR"]
[Date "2018.02.16"]
[Round "7.4"]
[Board "6"]
[White "Mikhalevski, Victor"]
[Black "Berenboym, Igor"]
[Result "1-0"]
[WhiteTitle "GM"]
[WhiteElo "2538"]
[BlackElo "2125"]
[WhiteTeam "Beer-Sheva"]
[BlackTeam "Jerusalem Tenth"]
[WhiteFideId "2801914"]
[BlackFideId "2810123"]
[EventDate "2018.01.05"]

1. d4 d5 2. Bg5 f6 3. Bf4 Nc6 4. e3 e5 5. dxe5 fxe5 6. Bg3 Nf6 7. Bb5 Bd6 8. Nc3
a6 9. Ba4 b5 10. Bb3 Ne7 11. a4 bxa4 12. Rxa4 c6 13. Nf3 Bg4 14. e4 O-O 15. exd5
Kh8 16. Rxg4 Nxg4 17. Ng5 Qd7 18. Ne6 Nxd5 19. Nxf8 Rxf8 20. Nxd5 cxd5 21. Qxd5
Nf6 22. Qe6 Bb4+ 23. c3 Qd3 24. Qc4 Qb1+ 25. Bd1 Bd6 26. O-O Qxb2 27. Qxa6 Bb8
28. Qc6 e4 29. Bh4 Be5 30. c4 Qd4 31. Bg5 h6 32. Be3 Qd3 33. h3 Rd8 34. Qa4 Rc8
35. c5 Nd5 36. Bc2 Nc3 37. Bxd3 Nxa4 38. Ba6 Rc7 39. c6 Nc3 40. Bb7 Nd5 41. Bc5
Rf7 42. Rd1 Nf6 43. Bc8 Rc7 44. Bd7 1-0

[Event "TCh-ISR 2018"]
[Site "Israel ISR"]
[Date "2018.02.16"]
[Round "7.5"]
[Board "4"]
[White "Mindlin, Alon"]
[Black "Frenkel, Ran"]
[Result "1-0"]
[WhiteTitle "IM"]
[WhiteElo "2459"]
[BlackElo "2189"]
[WhiteTeam "HaPoel Kfar Saba"]
[BlackTeam "Haifa Chess Club-Nesher"]
[WhiteFideId "2800071"]
[BlackFideId "2815974"]
[EventDate "2018.01.05"]

1. d4 Nf6 2. c4 g6 3. Nc3 Bg7 4. e4 d6 5. f3 O-O 6. Be3 c5 7. d5 e6 8. Qd2 exd5
9. cxd5 a6 10. a4 Nbd7 11. Nh3 Re8 12. Be2 Ne5 13. Nf2 Rb8 14. O-O h5 15. Rab1
b5 16. b4 c4 17. axb5 axb5 18. Ra1 Nh7 19. Ra7 Qf6 20. Rc1 g5 21. Bf1 Qg6 22.
Ne2 f5 23. exf5 Bxf5 24. Nd4 Kh8 25. Nxf5 Qxf5 26. Ne4 Qg6 27. Ra6 Rbd8 28. Nc5
g4 29. f4 Nf7 30. Ne6 Rxe6 31. dxe6 Qxe6 32. Re1 Qd7 33. Ra7 Qf5 34. Bd4 Bxd4+
35. Qxd4+ Kg8 36. Ra5 d5 37. Rxb5 Qd7 38. Rb6 Qf5 39. b5 Nf8 40. Rf6 Qd7 41. b6
Qb7 42. Bxc4 dxc4 43. Rxf7 Qxg2+ 44. Kxg2 Rxd4 45. b7 Rd2+ 46. Kg1 Rb2 47. Rc7 1-0

[Event "TCh-ISR 2018"]
[Site "Israel ISR"]
[Date "2018.02.16"]
[Round "7.5"]
[Board "5"]
[White "Goikhfis, Ilya"]
[Black "Finkel, Alexander"]
[Result "1-0"]
[BlackTitle "GM"]
[WhiteElo "2077"]
[BlackElo "2489"]
[WhiteTeam "Haifa Chess Club-Nesher"]
[BlackTeam "HaPoel Kfar Saba"]
[WhiteFideId "2809729"]
[BlackFideId "2801957"]
[EventDate "2018.01.05"]

1. d4 d6 2. Nf3 g6 3. g3 Bg7 4. Bg2 Nf6 5. O-O O-O 6. c4 c6 7. Nc3 Qa5 8. Bf4
Be6 9. Nd2 Nh5 10. Be3 f5 11. f4 Nf6 12. h3 Bf7 13. Bf2 Nbd7 14. d5 Nb6 15. dxc6
bxc6 16. Nb3 Qb4 17. a3 Qxc4 18. Na5 Qe6 19. Nxc6 Qd7 20. Rc1 Rac8 21. Nb5 Ne4
22. Bxe4 fxe4 23. Nbxa7 Nc4 24. Nxc8 Rxc8 25. Ne5 Bxe5 26. fxe5 Qxh3 27. exd6
exd6 28. b3 e3 29. Be1 Rc5 30. Rxc4 Rd5 31. Qc2 Rh5 32. Rh4 Rxh4 33. gxh4 Bd5
34. Rf3 Bxf3 35. exf3 Qxf3 36. Qc8+ Kg7 37. Qc3+ Kh6 38. Qd4 Kh5 39. Qxd6 h6 40.
Qg3 Qe2 41. b4 Qd3 42. Qf3# 1-0

[Event "TCh-ISR 2018"]
[Site "Israel ISR"]
[Date "2018.02.16"]
[Round "7.6"]
[Board "1"]
[White "Kuzubov, Yuriy"]
[Black "Reshef, Omer"]
[Result "1/2-1/2"]
[WhiteTitle "GM"]
[BlackTitle "IM"]
[WhiteElo "2691"]
[BlackElo "2467"]
[WhiteTeam "Tsafrir Rehovot"]
[BlackTeam "HaOmerim Kiryat Ono"]
[WhiteFideId "14112906"]
[BlackFideId "2804336"]
[EventDate "2018.01.05"]

1. e4 e5 2. Nf3 Nf6 3. Nxe5 d6 4. Nf3 Nxe4 5. c4 Nc6 6. Nc3 Nxc3 7. dxc3 Bf5 8.
Bd3 Qd7 9. O-O Be7 10. Bxf5 Qxf5 11. Re1 O-O 12. Qd5 Qd7 13. Bf4 Rad8 14. Rad1
b6 15. Be3 Rfe8 16. c5 Bf6 17. cxd6 Qxd6 18. Qb3 Qe6 19. Bf4 Rxd1 20. Qxd1 Rd8
21. Qa4 Qd7 22. h3 h6 23. Qc4 a5 24. Re2 Rc8 25. Nh2 Nd8 26. Ng4 Bg5 27. Bxg5
hxg5 28. Qd4 Qc6 29. Ne5 Qe6 30. Qd3 Nc6 31. Nf3 Qf6 32. Qd7 Rd8 33. Qxc7 Rd1+
34. Kh2 Nd8 35. Nd4 Kh7 36. Qg3 Ne6 37. Nxe6 fxe6 38. Re5 Rd2 39. Rxg5 Rxb2 40.
Rh5+ Kg8 41. Qb8+ Kf7 42. Rh8 Qe7 43. Rc8 Kg6 44. Re8 Qd7 45. Qg3+ Kf7 46. Rb8
Qc6 47. Qf4+ Kg6 48. c4 Rd2 49. Rxb6 Qxb6 50. Qxd2 Qc5 51. Qd3+ Kf6 52. Kg1 Ke7
53. g3 a4 54. h4 Qb4 55. Qc2 Kd6 56. c5+ Kc6 57. Kg2 a3 58. Kf3 Qb2 59. Qc4 e5
60. h5 e4+ 61. Ke3 Kc7 62. g4 Qb1 63. Kf4 Qb2 64. Kg3 Qe5+ 65. Kg2 Qf4 66. Qb3
Kd7 67. Qd5+ Kc7 68. Qd6+ Qxd6 69. cxd6+ Kxd6 70. Kg3 Ke5 71. g5 1/2-1/2

[Event "TCh-ISR 2018"]
[Site "Israel ISR"]
[Date "2018.02.16"]
[Round "7.6"]
[Board "6"]
[White "Philosoph, Assi"]
[Black "Galburd, Yan"]
[Result "1/2-1/2"]
[WhiteElo "2143"]
[BlackElo "2344"]
[WhiteTeam "HaOmerim Kiryat Ono"]
[BlackTeam "Tsafrir Rehovot"]
[WhiteFideId "2807408"]
[BlackFideId "2808528"]
[EventDate "2018.01.05"]

1. d4 Nf6 2. c4 g6 3. Nc3 Bg7 4. e4 O-O 5. Bd3 d6 6. Nge2 a6 7. O-O c5 8. d5 b5
9. cxb5 axb5 10. Nxb5 Qb6 11. Nec3 Na6 12. Na3 Nd7 13. Nc4 Qa7 14. Bf4 Nb6 15.
a3 Nc7 16. Qe2 Ba6 17. Rab1 Nxc4 18. Bxc4 Bxc4 19. Qxc4 Qa6 20. Qxa6 Rxa6 21. e5
dxe5 22. Be3 c4 23. Bc5 Bf6 24. Rfd1 Rd8 25. g3 Kg7 26. h4 Rc8 27. Bb4 Raa8 28.
Ne4 Rd8 29. Rbc1 Nxd5 30. Rxc4 e6 31. Rdc1 Rdb8 32. Kg2 Nxb4 33. Rxb4 Rxb4 34.
axb4 Be7 35. Rc7 Kf8 36. Rb7 Rc8 37. b3 Ke8 38. g4 f5 39. Nc5 Bxc5 40. bxc5 Rxc5
41. Rxh7 Rb5 42. Rg7 fxg4 43. Rxg6 Kf7 44. Rxg4 Rxb3 45. h5 Rb8 46. Kf3 Rb3+ 47.
Kg2 Rb8 48. Rh4 Kg7 49. Kf3 Rb3+ 50. Kg2 Kh6 51. Rh2 Ra3 52. Kf1 Ra2 53. Rh3 Rb2
54. Kg2 Ra2 55. Re3 Ra5 56. Rh3 e4 57. Rh4 Re5 58. Kg3 e3 59. fxe3 Rxe3+ 60. Kf4
Re1 61. Rh3 Rf1+ 62. Ke5 Re1+ 63. Kf4 e5+ 64. Kf5 e4 65. Kf4 e3 66. Rxe3 Rxe3
67. Kxe3 Kxh5 68. Kd4 1/2-1/2

[Event "TCh-ISR 2018"]
[Site "Israel ISR"]
[Date "2018.02.23"]
[Round "9.1"]
[Board "1"]
[White "Gorodetzky, David"]
[Black "Rodshtein, Maxim"]
[Result "1/2-1/2"]
[WhiteTitle "FM"]
[BlackTitle "GM"]
[WhiteElo "2411"]
[BlackElo "2693"]
[WhiteTeam "Tsafrir Rehovot"]
[BlackTeam "Beer-Sheva"]
[WhiteFideId "2813416"]
[BlackFideId "2806851"]
[EventDate "2018.01.05"]

1. b3 d5 2. Bb2 Bf5 3. Nf3 e6 4. g3 Nf6 5. Bg2 h6 6. O-O Be7 7. c4 c6 8. d3 O-O
9. Nbd2 Bh7 10. Rc1 a5 11. a3 Qb6 12. Rc2 Rd8 13. Qa1 c5 14. cxd5 exd5 15. Rcc1
d4 16. Nc4 Qa6 17. b4 cxb4 18. Nxd4 Nbd7 19. axb4 Bxb4 20. Rb1 Rac8 21. Rfc1 Nc5
22. Qa2 Re8 23. Ba3 Nxd3 24. exd3 Bxd3 25. Ne3 Bxb1 26. Rxb1 Ne4 27. Bxb4 axb4
28. Qxa6 bxa6 29. Bxe4 Rxe4 30. Rxb4 a5 31. Ra4 Rc3 32. Kg2 Kh7 33. h4 Rd3 1/2-1/2

[Event "TCh-ISR 2018"]
[Site "Israel ISR"]
[Date "2018.02.23"]
[Round "9.1"]
[Board "2"]
[White "Roiz, Michael"]
[Black "Psakhis, Lev"]
[Result "1-0"]
[WhiteTitle "GM"]
[BlackTitle "GM"]
[WhiteElo "2614"]
[BlackElo "2475"]
[WhiteTeam "Beer-Sheva"]
[BlackTeam "Tsafrir Rehovot"]
[WhiteFideId "2804158"]
[BlackFideId "2800012"]
[EventDate "2018.01.05"]

1. d4 e6 2. c4 Nf6 3. Nf3 d5 4. Nc3 Bb4 5. g3 O-O 6. Bg2 dxc4 7. O-O Nc6 8. Qa4
Bd7 9. Bg5 Bxc3 10. bxc3 Nxd4 11. Qxc4 Nc6 12. Rfd1 Qe7 13. Rab1 Rab8 14. Nd4 h6
15. Be3 Qe8 16. Nxc6 Bxc6 17. Bxa7 Ra8 18. Bxc6 Qxc6 19. Qxc6 bxc6 20. Rb7 Rfc8
21. c4 Ne4 22. Rd7 Nd6 23. Rbxc7 Rxc7 24. Rxc7 Nxc4 25. a4 Nb2 26. a5 Nc4 27. a6
f6 28. g4 Na3 29. Rb7 Kh7 30. Bd4 e5 31. Ra7 Rd8 32. Bc5 Nb5 33. Rb7 h5 34. gxh5
Kh6 35. a7 Rd1+ 36. Kg2 Ra1 37. Rb8 Rxa7 38. Bxa7 Nxa7 39. Rh8+ Kg5 40. Rh7 Nb5
41. Rxg7+ Kxh5 1-0

[Event "TCh-ISR 2018"]
[Site "Israel ISR"]
[Date "2018.02.23"]
[Round "9.1"]
[Board "3"]
[White "Parkhov, Yair"]
[Black "Postny, Evgeny"]
[Result "0-1"]
[WhiteTitle "FM"]
[BlackTitle "GM"]
[WhiteElo "2372"]
[BlackElo "2574"]
[WhiteTeam "Tsafrir Rehovot"]
[BlackTeam "Beer-Sheva"]
[WhiteFideId "2813408"]
[BlackFideId "2804344"]
[EventDate "2018.01.05"]

1. Nf3 d5 2. g3 Nd7 3. Bg2 e5 4. d3 Bd6 5. O-O Ne7 6. c4 c6 7. cxd5 cxd5 8. e4
d4 9. Nbd2 O-O 10. Nc4 Bc7 11. a4 Nc6 12. b3 Re8 13. Ba3 a5 14. Nd6 Bxd6 15.
Bxd6 Ndb8 16. Ba3 Na6 17. Nd2 Nab4 18. Nc4 f6 19. f4 exf4 20. gxf4 Be6 21. Qd2
Rb8 22. Rf3 Kh8 23. Kh1 Rg8 24. Bh3 f5 25. Rg1 b5 26. axb5 Rxb5 27. Bf1 Rb7 28.
Rg6 fxe4 29. dxe4 hxg6 30. f5 Rf8 31. Qg2 gxf5 32. Rh3+ Kg8 33. Qg6 Rf6 34. Qh7+
Kf8 35. e5 Bg8 36. Qh5 Bd5+ 37. Kg1 Rh6 38. Qxf5+ Rf7 0-1

[Event "TCh-ISR 2018"]
[Site "Israel ISR"]
[Date "2018.02.23"]
[Round "9.1"]
[Board "4"]
[White "Mikhalevski, Victor"]
[Black "Veinberg, Nimrod"]
[Result "1/2-1/2"]
[WhiteTitle "GM"]
[BlackTitle "FM"]
[WhiteElo "2538"]
[BlackElo "2370"]
[WhiteTeam "Beer-Sheva"]
[BlackTeam "Tsafrir Rehovot"]
[WhiteFideId "2801914"]
[BlackFideId "2810280"]
[EventDate "2018.01.05"]

1. d4 Nf6 2. Nf3 e6 3. c4 d5 4. Bg5 h6 5. Bh4 g5 6. Bg3 Ne4 7. Nfd2 Bg7 8. e3 c5
9. dxc5 Nxg3 10. hxg3 Bxb2 11. Na3 Nd7 12. Nb5 Nxc5 13. cxd5 exd5 14. Qc2 Bxa1
15. Qxc5 Qe7 16. Nc7+ Kd8 17. Qc1 Qxc7 18. Qxa1 Re8 19. Rxh6 Bg4 20. Bb5 Rc8 21.
Nc4 Re6 22. Rxe6 Bxe6 23. Qf6+ Qe7 24. Qh8+ Kc7 25. Qe5+ Kd8 26. Qh8+ 1/2-1/2

[Event "TCh-ISR 2018"]
[Site "Israel ISR"]
[Date "2018.02.23"]
[Round "9.1"]
[Board "5"]
[White "Galburd, Yan"]
[Black "Huzman, Alexander"]
[Result "0-1"]
[BlackTitle "GM"]
[WhiteElo "2344"]
[BlackElo "2561"]
[WhiteTeam "Tsafrir Rehovot"]
[BlackTeam "Beer-Sheva"]
[WhiteFideId "2808528"]
[BlackFideId "2803828"]
[EventDate "2018.01.05"]

1. Nf3 d5 2. b3 c5 3. Bb2 f6 4. d4 cxd4 5. Nxd4 e5 6. Nf3 Nc6 7. e3 Be6 8. Nbd2
Bc5 9. a3 a5 10. Bb5 Ne7 11. c4 O-O 12. cxd5 Nxd5 13. Ne4 Be7 14. Bc4 Nc7 15.
Qe2 Bxc4 16. Qxc4+ Qd5 17. Qxd5+ Nxd5 18. Ke2 Rfd8 19. g4 Kf7 20. Rac1 Rac8 21.
Rhd1 Ke6 22. Nfd2 b6 23. a4 g6 24. Nc4 Ncb4 25. Nc3 Bc5 26. Nxd5 Nxd5 27. h4 e4
28. h5 gxh5 29. gxh5 Nb4 30. Ba3 Nd3 31. Ra1 Bxa3 32. Rxa3 Rc5 33. Raa1 Rxh5 34.
Rh1 Rf5 35. Raf1 h5 36. f3 Nc5 37. Nxb6 Nxb3 38. fxe4 Rd2+ 39. Ke1 Rc5 40. Rxf6+
Kxf6 0-1

[Event "TCh-ISR 2018"]
[Site "Israel ISR"]
[Date "2018.02.23"]
[Round "9.1"]
[Board "6"]
[White "Greenfeld, Alon"]
[Black "Mikhalevski, Alexander"]
[Result "1/2-1/2"]
[WhiteTitle "GM"]
[BlackTitle "IM"]
[WhiteElo "2521"]
[BlackElo "2423"]
[WhiteTeam "Beer-Sheva"]
[BlackTeam "Tsafrir Rehovot"]
[WhiteFideId "2800039"]
[BlackFideId "2801728"]
[EventDate "2018.01.05"]

1. c4 e6 2. g3 d5 3. Bg2 dxc4 4. Qa4+ Nd7 5. Qxc4 a6 6. Qb3 Ngf6 7. Nf3 Rb8 8.
d4 b5 9. Ne5 Nxe5 10. dxe5 Nd7 11. O-O Nxe5 12. Rd1 Bd6 13. Bf4 Qf6 14. Nc3 O-O
15. Ne4 Qe7 16. Nxd6 cxd6 17. Qb4 Nc4 18. b3 g5 19. Bc1 Qf6 20. Rb1 a5 21. Qe1
Qg6 22. bxc4 Qxb1 23. Bxg5 Qb4 24. Be7 1/2-1/2

[Event "TCh-ISR 2018"]
[Site "Israel ISR"]
[Date "2018.02.23"]
[Round "9.2"]
[Board "1"]
[White "Sivuk, Vitaly"]
[Black "Tratatovici, Dan"]
[Result "1-0"]
[WhiteTitle "GM"]
[WhiteElo "2550"]
[BlackElo "2208"]
[WhiteTeam "Hapoel Petah Tikva"]
[BlackTeam "HaOmerim Kiryat Ono"]
[WhiteFideId "14116502"]
[BlackFideId "2806428"]
[EventDate "2018.01.05"]

1. Nf3 Nf6 2. g3 g6 3. Bg2 Bg7 4. O-O O-O 5. d4 d5 6. c4 dxc4 7. Na3 c3 8. bxc3
c5 9. Re1 Nc6 10. e4 Bg4 11. Bb2 b5 12. Rb1 Qa5 13. Qb3 Rab8 14. h3 Bxf3 15.
Bxf3 c4 16. Qd1 e5 17. d5 Rfd8 18. Nc2 Bf8 19. Bc1 Rd7 20. Bg5 Be7 21. Qc1 Nd8
22. Nb4 Bxb4 23. Rxb4 Qb6 24. a4 a6 25. axb5 axb5 26. Qb2 Rdb7 27. Ra1 Nd7 28.
Be3 Qc7 29. h4 h5 30. Be2 Kg7 31. Kg2 Nb6 32. Qd2 Nd7 33. g4 hxg4 34. Bxg4 Nc5
35. Bxc5 Qxc5 36. h5 Rb6 37. Qg5 Rf6 38. h6+ 1-0

[Event "TCh-ISR 2018"]
[Site "Israel ISR"]
[Date "2018.02.23"]
[Round "9.2"]
[Board "2"]
[White "Reshef, Omer"]
[Black "Rechlis, Gad"]
[Result "1-0"]
[WhiteTitle "IM"]
[BlackTitle "GM"]
[WhiteElo "2467"]
[BlackElo "2525"]
[WhiteTeam "HaOmerim Kiryat Ono"]
[BlackTeam "Hapoel Petah Tikva"]
[WhiteFideId "2804336"]
[BlackFideId "2800047"]
[EventDate "2018.01.05"]

1. e4 c5 2. Nf3 d6 3. d4 cxd4 4. Nxd4 Nf6 5. Nc3 a6 6. Be3 Ng4 7. Bg5 h6 8. Bh4
g5 9. Bg3 Bg7 10. h3 Ne5 11. Be2 Nbc6 12. Nb3 b5 13. O-O Ng6 14. Qd2 Be6 15.
Rad1 h5 16. Nd5 g4 17. h4 Nce5 18. Nd4 Bxd5 19. exd5 Bf6 20. Nf5 Qd7 21. Bd3 Rc8
22. c3 Rc5 23. Bb1 a5 24. Rfe1 Qc7 25. a3 Qb6 26. Qe3 b4 27. cxb4 axb4 28. a4
Kd7 29. Nd4 Rxd5 30. Bf5+ Ke8 31. Rc1 e6 32. Rc8+ Bd8 33. Nxe6 Qxe3 34. Nc7+ Kf8
35. fxe3 Nf3+ 36. gxf3 Rxf5 37. Rxd8+ Kg7 38. Rxh8 Rxf3 39. Rxh5 Rxg3+ 40. Kf2
Rf3+ 41. Kg2 Rh3 42. a5 1-0

[Event "TCh-ISR 2018"]
[Site "Israel ISR"]
[Date "2018.02.23"]
[Round "9.2"]
[Board "3"]
[White "Bitensky, Igor"]
[Black "Poleg, Dan"]
[Result "1/2-1/2"]
[WhiteTitle "IM"]
[BlackTitle "FM"]
[WhiteElo "2355"]
[BlackElo "2255"]
[WhiteTeam "Hapoel Petah Tikva"]
[BlackTeam "HaOmerim Kiryat Ono"]
[WhiteFideId "2804085"]
[BlackFideId "2812398"]
[EventDate "2018.01.05"]

1. e4 e5 2. Nf3 Nc6 3. Bc4 Bc5 4. O-O Nf6 5. d3 O-O 6. Nbd2 d6 7. c3 Ne7 8. d4
exd4 9. cxd4 Bb6 10. Bd3 Bg4 11. h3 Bh5 12. g4 Bg6 13. g5 Nh5 14. Nc4 d5 15.
Nxb6 axb6 16. e5 Qd7 17. Kh2 Bxd3 18. Qxd3 Ng6 19. Ng1 Nhf4 20. Qf3 Ne6 21. Ne2
c5 22. Qg4 Qb5 23. Be3 cxd4 24. Nxd4 Nxd4 25. Qxd4 Ra4 26. Qxb6 Qe2 27. Qb3 Rh4
28. Qxd5 Qh5 29. Qg2 Nxe5 30. f3 f6 31. Bc5 Nd3 32. Bd6 fxg5 33. Rad1 Nf4 34.
Bxf4 Rhxf4 35. Qd2 Qf7 36. Qd5 Qxd5 37. Rxd5 Rxf3 38. Rxf3 Rxf3 39. Rxg5 Rf2+
40. Rg2 Rxg2+ 41. Kxg2 Kf7 42. Kf3 Kf6 43. Kf4 1/2-1/2

[Event "TCh-ISR 2018"]
[Site "Israel ISR"]
[Date "2018.02.23"]
[Round "9.2"]
[Board "4"]
[White "Tifferet, Shaked"]
[Black "Steinberg, Nitzan"]
[Result "0-1"]
[WhiteTitle "FM"]
[BlackTitle "GM"]
[WhiteElo "2294"]
[BlackElo "2512"]
[WhiteTeam "HaOmerim Kiryat Ono"]
[BlackTeam "Hapoel Petah Tikva"]
[WhiteFideId "2811529"]
[BlackFideId "2801795"]
[EventDate "2018.01.05"]

1. e4 c5 2. Nf3 d6 3. d4 cxd4 4. Nxd4 Nf6 5. Nc3 a6 6. Be2 e6 7. Be3 Qc7 8. f4
b5 9. a3 Bb7 10. Bf3 Nbd7 11. Nb3 Rc8 12. O-O Be7 13. Kh1 O-O 14. Qe2 Rfe8 15.
Qf2 Qb8 16. Rae1 e5 17. fxe5 dxe5 18. Nd5 Bxd5 19. exd5 Qc7 20. c3 e4 21. Bd1
Ne5 22. Bf4 Bd6 23. Bc2 Nd3 24. Bxd3 exd3 25. Bxd6 Qxd6 26. Nd4 Qxd5 27. Nf5 Ne4
28. Qf3 Rc6 29. Rxe4 Qxe4 30. Qg3 Rg6 31. Qf2 Qe2 32. Nh6+ gxh6 33. Qxf7+ Kh8 0-1

[Event "TCh-ISR 2018"]
[Site "Israel ISR"]
[Date "2018.02.23"]
[Round "9.2"]
[Board "5"]
[White "Drori, Saar"]
[Black "Philosoph, Assi"]
[Result "1-0"]
[WhiteTitle "FM"]
[WhiteElo "2380"]
[BlackElo "2143"]
[WhiteTeam "Hapoel Petah Tikva"]
[BlackTeam "HaOmerim Kiryat Ono"]
[WhiteFideId "2812444"]
[BlackFideId "2807408"]
[EventDate "2018.01.05"]

1. e4 e5 2. Nf3 Nf6 3. Nxe5 Nxe4 4. Qe2 Qe7 5. Qxe4 d6 6. d4 dxe5 7. dxe5 Nc6 8.
Nc3 Qxe5 9. Qxe5+ Nxe5 10. Nb5 Bb4+ 11. c3 Ba5 12. Bf4 f6 13. a4 a6 14. Na3 Be6
15. Bxe5 fxe5 16. Bc4 Bd7 17. Bb3 b5 18. O-O-O O-O-O 19. axb5 axb5 20. Rhe1 Rhe8
21. Rd5 c6 22. Rdxe5 Rxe5 23. Rxe5 Bc7 24. Re7 Bxh2 25. Rxg7 Bf5 26. Bc2 Bf4+
27. Kb1 Rd1+ 28. Ka2 Bxc2 29. Nxc2 Rd2 30. Ne1 Rd1 31. Nf3 Rf1 32. Rf7 Bd6 33.
Nd4 Rg1 34. Nxc6 Rxg2 35. Na7+ Kb8 36. Nxb5 Bc5 37. Rxh7 Bxf2 38. Kb3 Be3 39.
Nd6 Bc5 40. Nc4 Re2 41. Ka4 Rg2 42. b4 Bf2 43. Na5 Kc8 44. c4 Rg4 45. Kb5 Be1
46. Nc6 Bf2 47. c5 Rg1 48. Na7+ Kb8 49. Kb6 Rg8 50. Nc6+ 1-0

[Event "TCh-ISR 2018"]
[Site "Israel ISR"]
[Date "2018.02.23"]
[Round "9.2"]
[Board "6"]
[White "Aharonovich, Itamar"]
[Black "Botvinnik, Mikhail"]
[Result "1/2-1/2"]
[WhiteTitle "FM"]
[WhiteElo "2276"]
[BlackElo "2368"]
[WhiteTeam "HaOmerim Kiryat Ono"]
[BlackTeam "Hapoel Petah Tikva"]
[WhiteFideId "2814501"]
[BlackFideId "2805650"]
[EventDate "2018.01.05"]

1. d4 d5 2. c4 dxc4 3. Nf3 Nf6 4. e3 b5 5. a4 b4 6. Bxc4 e6 7. O-O Bb7 8. Qe2 a6
9. Nbd2 Nbd7 10. e4 Be7 11. e5 Nd5 12. Ne4 O-O 13. Bg5 Bxg5 14. Nexg5 c5 15. Qe4
g6 16. Rfd1 Kg7 17. Qg4 Rc8 18. Rac1 N7b6 19. Bxd5 Qxd5 20. dxc5 Rxc5 21. Qxb4
Rxc1 22. Rxc1 Rc8 23. Re1 Qc5 24. Qh4 h6 25. Nxf7 Kxf7 26. Qf6+ Ke8 27. Qxe6+
Kd8 28. Qxg6 Kc7 29. e6 Nd5 30. e7 Nxe7 31. Qf7 Kb8 32. Qxe7 Qxe7 33. Rxe7 Rc1+
34. Re1 Rc2 35. b3 Kc7 36. Nd4 Rb2 37. h4 Rd2 38. Re7+ Kb6 39. a5+ Kxa5 40. Rxb7
Rxd4 41. g3 h5 42. f4 Rd1+ 43. Kf2 Rf1+ 44. Ke3 Rf3+ 45. Kd4 Rxf4+ 46. Kc3 Rf3+
47. Kb2 Rf2+ 48. Ka3 Ra2+ 49. Kxa2 1/2-1/2

[Event "TCh-ISR 2018"]
[Site "Israel ISR"]
[Date "2018.02.23"]
[Round "9.3"]
[Board "1"]
[White "Zoler, Dan"]
[Black "Boruchovsky, Avital"]
[Result "1-0"]
[WhiteTitle "GM"]
[BlackTitle "GM"]
[WhiteElo "2506"]
[BlackElo "2542"]
[WhiteTeam "Herzliya Chess Club"]
[BlackTeam "HaPoel Kfar Saba"]
[WhiteFideId "2800705"]
[BlackFideId "2800055"]
[EventDate "2018.01.05"]

1. d4 Nf6 2. c4 e6 3. Nf3 d5 4. Nc3 c6 5. e3 Nbd7 6. Bd3 dxc4 7. Bxc4 b5 8. Be2
Bb7 9. O-O Be7 10. e4 b4 11. e5 bxc3 12. exf6 Bxf6 13. bxc3 c5 14. Rb1 Be4 15.
Bd3 Bxd3 16. Qxd3 O-O 17. Rd1 Qa5 18. Rb5 Qxa2 19. dxc5 Rfd8 20. Qf1 a6 21. Rb2
Qa4 22. Be3 Bxc3 23. Rbb1 Ne5 24. Rdc1 Nxf3+ 25. gxf3 Be5 26. c6 Rdc8 27. Rc4
Qa2 28. Rb7 a5 29. f4 Bc7 30. Qd3 Qa1+ 31. Kg2 Qf6 32. Qd7 Qg6+ 33. Kf1 Rd8 34.
Rxc7 Rxd7 35. cxd7 Rd8 36. Rd4 Qb1+ 37. Rc1 Qb7 38. Rc8 Qxc8 39. dxc8=Q Rxc8 40.
Ra4 f6 41. Rxa5 Kf7 42. Kg2 Kg6 43. Rc5 Ra8 44. Rc6 Kf5 45. Rc7 Kg6 46. Re7 Ra6
47. Kf3 Rc6 48. Ke4 Ra6 49. Ra7 Rc6 50. Rb7 Rc4+ 51. Kd3 Ra4 52. Re7 Ra6 53. Kc4
h5 54. h3 Kh7 55. Ra7 Rd6 56. Bd4 Kh6 57. Rb7 Kg6 58. Bc5 Rd2 59. Re7 Rc2+ 60.
Kb4 Rc1 61. Rxe6 Rh1 62. Re3 Kf5 63. Rg3 h4 64. Rxg7 Rxh3 65. Be3 Rh1 66. Kc4 h3
67. Rh7 Ke4 68. f5 h2 69. Rh4+ Kxf5 70. Kc3 Ke5 71. Kd2 f5 72. Ke2 Kd5 73. Kf3 1-0

[Event "TCh-ISR 2018"]
[Site "Israel ISR"]
[Date "2018.02.23"]
[Round "9.3"]
[Board "2"]
[White "Nabaty, Tamir"]
[Black "Zifroni, Dov"]
[Result "1-0"]
[WhiteTitle "GM"]
[BlackTitle "GM"]
[WhiteElo "2658"]
[BlackElo "2440"]
[WhiteTeam "HaPoel Kfar Saba"]
[BlackTeam "Herzliya Chess Club"]
[WhiteFideId "2809052"]
[BlackFideId "2800659"]
[EventDate "2018.01.05"]

1. d4 d5 2. Nf3 Nf6 3. Bf4 e6 4. e3 Bd6 5. Bxd6 Qxd6 6. c4 O-O 7. Nc3 Nbd7 8.
Nb5 Qb4+ 9. Qd2 Qxd2+ 10. Nxd2 c5 11. dxc5 Nxc5 12. Rc1 dxc4 13. Nxc4 Rd8 14. b4
Na4 15. Be2 Nd5 16. a3 a6 17. Nd4 Bd7 18. Na5 b6 19. Nac6 Bxc6 20. Nxc6 Rd6 21.
Bxa6 Nac3 22. b5 Rxa6 23. bxa6 Rxc6 24. a7 Nc7 25. Kd2 Ne4+ 26. Ke2 Rxc1 27.
Rxc1 Nc5 28. a4 N5a6 1-0